Statistics for Города Якутии

Click here to take the quiz!

General Stats

  • This quiz has been taken 61 times
  • The average score is 6 of 13

Answer Stats

НаселениеГород% Correct
361 154Якутск
100%
34 013Мирный
64%
53 526Нерюнгри
60%
21 490Алдан
57%
10 045Вилюйск
45%
21 181Ленск
43%
768Верхоянск
40%
10 055Нюрба
38%
11 991Покровск
33%
3 118Среднеколымск
29%
8 457Олекминск
28%
13 329Удачный
22%
6 320Томмот
22%

Score Distribution

Percentile by Number Answered

Percent of People with Each Score

Your Score History

You have not taken this quiz